[Event "45th Biel Masters Open"]
[Site "Biel SUI"]
[Date "2012.07.23"]
[Round "1"]
[White "Grachev,B"]
[Black "Preissmann,E"]
[Result "1-0"]
[WhiteElo "2674"]
[BlackElo "2239"]

1.c4 e6 2.Nc3 d5 3.d4 c6 4.e3 Nf6 5.Nf3 Nbd7 6.Qc2 Be7 7.b3 b6 8.Bb2 Bb7
9.Bd3 Rc8 10.O-O O-O 11.Rad1 Qc7 12.Ne5 dxc4 13.bxc4 Rfd8 14.f4 c5 15.Nb5 Qb8
16.Nxd7 Rxd7 17.d5 exd5 18.Bxf6 Bxf6 19.Bxh7+ Kh8 20.Bf5 Rcd8 21.Bxd7 Rxd7
22.Qf5 Qe8 23.e4 a6 24.e5 Bxe5 25.Rfe1 axb5 26.Rxe5 Qd8 27.Rde1  1-0

[Event "XIV ch-Gdansk Int 2012"]
[Site "Gdansk POL"]
[Date "2012.07.23"]
[Round "3.30"]
[White "Plewa,P"]
[Black "Zwara,S"]
[Result "1-0"]
[WhiteElo "1900"]
[BlackElo "1737"]

1.d4 d5 2.Nf3 Nf6 3.c4 c6 4.e3 e6 5.Nc3 Nbd7 6.Qc2 Bd6 7.b3 O-O 8.Bb2 Re8
9.Be2 dxc4 10.bxc4 e5 11.O-O Qe7 12.Rfe1 e4 13.Nd2 Nf8 14.f3 exf3 15.Bxf3 Ng4
16.Nf1 Qg5 17.e4 Ne6 18.Na4 Nf4 19.Bxg4 Bxg4 20.Ng3 Re6 21.e5 Bb4 22.Bc3 Bxc3
23.Nxc3 Rh6 24.Nce4 Qh4 25.Nf1 Re8 26.Neg3 Ree6 27.Re4 Be2 28.Nxe2 Nxe2+
29.Qxe2  1-0

[Event "23rd Czech Open A"]
[Site "Pardubice CZE"]
[Date "2012.07.23"]
[Round "4.37"]
[White "Plat,V"]
[Black "Tuma,Ji"]
[Result "1-0"]
[WhiteElo "2492"]
[BlackElo "2312"]

1.d4 d5 2.c4 c6 3.Nc3 Nf6 4.Nf3 e6 5.e3 Nbd7 6.Bd3 dxc4 7.Bxc4 b5 8.Bd3 Bd6
9.O-O O-O 10.e4 e5 11.Ne2 Bb7 12.Bg5 h6 13.Bh4 exd4 14.Nexd4 Ne5 15.Bc2 Ng6
16.Bg3 Bxg3 17.hxg3 c5 18.Nxb5 Nxe4 19.Re1 Qb6 20.Bxe4 Bxe4 21.Rxe4 Qxb5
22.Qc2 Rfb8 23.b3 Nf8 24.Re7 Re8 25.Rae1 Ne6 26.a4 Qb4 27.Rd7 Nd4 28.Rxe8+ Rxe8
29.Qd3 Ne2+ 30.Kh2 Qg4 31.Qd5 Qe6 32.Qxe6 Rxe6 33.Rxa7 g5 34.a5 g4 35.Nh4 Nd4
36.Rb7 Re2 37.b4 Nb3 38.a6 Ra2 39.a7 Kg7 40.b5 Nd2 41.Nf5+ Kh7 42.Ne3 c4
43.b6 c3 44.Rxf7+ Kg6 45.Rc7  1-0

[Event "27th Avoine Open"]
[Site "Avoine FRA"]
[Date "2012.07.24"]
[Round "4.42"]
[White "Delalande,T"]
[Black "Oney,Fa"]
[Result "1-0"]
[WhiteElo "2055"]
[BlackElo "1840"]

1.d4 d5 2.c4 c6 3.Nc3 Nf6 4.e3 e6 5.Nf3 Be7 6.Bd3 dxc4 7.Bxc4 b5 8.Bd3 a6
9.O-O Nbd7 10.e4 Bb7 11.e5 Nd5 12.Nxd5 cxd5 13.Be3 Rc8 14.Nd2 O-O 15.Qe2 f5
16.f4 Nb6 17.b3 Rc3 18.Nf3 Qd7 19.Bd2 Rc6 20.Kh1 Qe8 21.Rac1 Rxc1 22.Rxc1 Qd7
23.Rg1 Kh8 24.g4 g6 25.Ng5 Bxg5 26.fxg5 Qg7 27.gxf5 exf5 28.Rc1 Rc8 29.Rxc8+ Bxc8
30.Qe1 Be6 31.Qc1 Qd7 32.Qc5 Qd8 33.Ba5 Nd7 34.Bxd8 Nxc5 35.dxc5  1-0

[Event "30th Andorra Open"]
[Site "Erts-La Massana AND"]
[Date "2012.07.24"]
[Round "4.12"]
[White "Ibanez Aullana,J"]
[Black "Berczes,D"]
[Result "1-0"]
[WhiteElo "2288"]
[BlackElo "2530"]

1.c4 e6 2.Nf3 d5 3.d4 Nf6 4.Nc3 c6 5.e3 Nbd7 6.Qc2 Bd6 7.Bd3 dxc4 8.Bxc4 O-O
9.e4 e5 10.Be2 Re8 11.Bg5 exd4 12.Nxd4 Qa5 13.Bd3 Qc7 14.Nf5 Be5 15.f3 Nc5
16.O-O-O b5 17.Be3 Bf4 18.Kb1 Bxe3 19.Nxe3 Be6 20.Rc1 Nfd7 21.b4 Nb7 22.Ncd5 Qe5
23.f4 Qd6 24.Qxc6 Bxd5 25.Nxd5 Qxc6 26.Rxc6 Nd8 27.Rd6 Nf6 28.Rxf6 gxf6 29.Nxf6+ Kf8
30.Nxe8 Kxe8 31.Bxb5+ Ke7 32.Rd1 Ne6 33.f5 Ng5 34.Bc6 Rb8 35.b5  1-0

[Event "30th Andorra Open"]
[Site "Erts-La Massana AND"]
[Date "2012.07.24"]
[Round "4.6"]
[White "Illescas Cordoba,M"]
[Black "Panelo,M"]
[Result "1-0"]
[WhiteElo "2601"]
[BlackElo "2452"]

1.d4 Nf6 2.c4 e6 3.Nf3 d5 4.Nc3 c6 5.e3 Nbd7 6.Bd3 dxc4 7.Bxc4 b5 8.Bd3 Bb7
9.O-O a6 10.e4 c5 11.d5 c4 12.Bc2 Qc7 13.dxe6 fxe6 14.Nd4 Nc5 15.Qe2 Bd6
16.f4 e5 17.Ndxb5 axb5 18.Nxb5 Qb6 19.Nxd6+ Qxd6 20.fxe5 Qxe5 21.Rf5 Qe7
22.Qxc4 Ncd7 23.Bg5 Rc8 24.Qb3 Bxe4 25.Bxf6 Nxf6 26.Bxe4 Qxe4 27.Rb5 Qd4+
28.Kh1 Qe4 29.Rb7 Rf8 30.Qb5+ Qc6 31.Qe5+ Kd8 32.Qe7+  1-0

[Event "XIV ch-Gdansk Int 2012"]
[Site "Gdansk POL"]
[Date "2012.07.24"]
[Round "4.12"]
[White "Plewa,P"]
[Black "Zielinski,S"]
[Result "1/2-1/2"]
[WhiteElo "1900"]
[BlackElo "2139"]

1.d4 d5 2.Nf3 Nf6 3.c4 c6 4.e3 e6 5.Nc3 Nbd7 6.Qc2 Be7 7.b3 O-O 8.Bb2 b6
9.Bd3 Bb7 10.cxd5 cxd5 11.O-O Rc8 12.Rac1 Ne4 13.Qe2 Bb4 14.Nb1 Nb8 15.a3 Bd6
16.b4 Rxc1 17.Rxc1 f5 18.Ne5 Qh4 19.f3 Nf6 20.Nc3 Nbd7 21.Nb5 Bb8 22.Nc7 Rc8
23.Nxe6 Nxe5 24.dxe5 Bxe5 25.Rxc8+ Bxc8 26.Bxe5 Bxe6 27.Bg3 Qh5 28.Qc2 Qe8
29.Kf2 Qd7 30.Be5 Kf7 31.a4 Ng8 32.Bb5 Qc8 33.Qb2 Nf6 34.Ke2 Bd7 35.Bxd7 Nxd7
36.Kd2 Qc6 37.b5 Qg6 38.Bg3 Qe6 39.Qd4 Nc5 40.Kc3 h6 41.Kb4  1/2-1/2

[Event "21st Kavala Open A"]
[Site "Kavala GRE"]
[Date "2012.07.25"]
[Round "1"]
[White "Stathopoulos,I"]
[Black "Mastrovasilis,D"]
[Result "0-1"]
[WhiteElo "2181"]
[BlackElo "2616"]

1.d4 d5 2.c4 e6 3.Nc3 c6 4.e3 Nf6 5.Nf3 Nbd7 6.Bd3 dxc4 7.Bxc4 b5 8.Bd3 a6
9.e4 c5 10.d5 Qc7 11.O-O c4 12.Bc2 Bd6 13.dxe6 fxe6 14.Nd4 Nb6 15.f4 e5 16.Nf5 Bxf5
17.exf5 O-O 18.Ne4 Nxe4 19.Bxe4 Rad8 20.Qg4 Nd7 21.Qf3 Nf6 22.Bc2 Rfe8 23.b3 e4
24.Qe2 c3 25.a4 b4 26.Qxa6 Ng4  0-1

[Event "23rd Czech Open A"]
[Site "Pardubice CZE"]
[Date "2012.07.25"]
[Round "6.21"]
[White "Stefansson,H"]
[Black "Rojicek,V"]
[Result "1/2-1/2"]
[WhiteElo "2515"]
[BlackElo "2438"]

1.d4 d5 2.c4 c6 3.Nf3 Nf6 4.Nc3 e6 5.e3 Nbd7 6.Qc2 b6 7.Bd3 Bb7 8.O-O Be7
9.b3 Qc7 10.Bb2 Rd8 11.Rad1 h6 12.Qe2 O-O 13.h3 c5 14.cxd5 Nxd5 15.Nxd5 Bxd5
16.Rc1 Qb8 17.Bb5 Bxf3 18.Qxf3 cxd4 19.Rfd1 Ne5 20.Qg3 Bd6 21.Bxd4 Ng6 22.Qg4 Bh2+
23.Kh1 Be5 24.Ba6 Bxd4 25.Rxd4 Rxd4 26.Qxd4 Rd8 27.Qc3 Qd6 28.a4 Ne5 29.Qc7 Nd3
30.Qxd6 Rxd6 31.Rc8+ Kh7 32.f3 Nc5 33.Bc4 a5 34.Kh2 Kg6 35.Rc7 h5 36.Kg3 Rd7
37.Rc6 Rb7 38.Kf4 Kf6 39.h4 Nd7 40.g4 hxg4 41.fxg4 g6 42.Rc8 Nc5 43.Rg8 Rd7
44.h5 gxh5 45.gxh5 Rd2 46.Rb8 Rf2+ 47.Kg3 Ne4+ 48.Kg4 Kg7 49.Rxb6 f5+ 50.Kh3 Ng5+
51.Kg3 Ne4+ 52.Kh3 Ng5+ 53.Kg3 Ne4+  1/2-1/2

[Event "23rd Czech Open A"]
[Site "Pardubice CZE"]
[Date "2012.07.25"]
[Round "6.36"]
[White "Gutman,G"]
[Black "Tuma,Ji"]
[Result "1/2-1/2"]
[WhiteElo "2493"]
[BlackElo "2312"]

1.d4 d5 2.Nf3 Nf6 3.c4 c6 4.Nc3 e6 5.e3 Nbd7 6.Bd3 dxc4 7.Bxc4 b5 8.Bd3 Bd6
9.O-O O-O 10.b3 Bb7 11.Bb2 a6 12.Rc1 c5 13.h3 Qe7 14.Qe2 h6 15.Rfd1 Rfd8
16.a4 b4 17.Nb1 cxd4 18.Nxd4 Nc5 19.Bc4 Rac8 20.Nd2 Bb8 21.Nc2 a5 22.Nd4 Qc7
23.N2f3  1/2-1/2

[Event "ch-AUT 2012"]
[Site "Zwettl AUT"]
[Date "2012.07.25"]
[Round "5.9"]
[White "Kummer,Hel"]
[Black "Sandhoefner,F"]
[Result "1/2-1/2"]
[WhiteElo "2362"]
[BlackElo "2228"]

1.d4 d5 2.c4 c6 3.Nf3 Nf6 4.Nc3 e6 5.e3 Nbd7 6.Bd3 Bd6 7.O-O O-O 8.e4 dxc4
9.Bxc4 e5 10.Bg5 h6 11.Bh4 exd4 12.Qxd4 Bc5 13.Qd3 Qe7 14.Rfe1 Ne5 15.Nxe5 Qxe5
16.Bg3 Qe7 17.Rad1 Be6 18.Bxe6 Qxe6 19.e5 Nh5 20.Qd7 Nxg3 21.hxg3 Rfe8 22.Re4 Qxd7
23.Rxd7 Re7 24.Rxe7 Bxe7 25.Kf1 Rd8 26.Ke2 Bc5 27.g4 Kf8 28.f4 Ke7 29.Rc4 Bb6
30.Ne4 Rd4 31.Rxd4 Bxd4 32.b3 f6 33.exf6+ Bxf6 34.Kd3 b6 35.f5 Be5  1/2-1/2

[Event "Caissa GM July 2012"]
[Site "Kecskemet HUN"]
[Date "2012.07.26"]
[Round "6.5"]
[White "Aczel,G"]
[Black "Antal,T"]
[Result "1-0"]
[WhiteElo "2433"]
[BlackElo "2356"]

1.d4 d5 2.c4 c6 3.Nc3 Nf6 4.Nf3 e6 5.e3 Nbd7 6.Qc2 Bd6 7.b3 O-O 8.Be2 b6
9.O-O Bb7 10.a4 a5 11.cxd5 exd5 12.Ba3 Bxa3 13.Rxa3 Qe7 14.Raa1 Ne4 15.Bd3 f5
16.Rac1 Rac8 17.Ne2 Kh8 18.h4 c5 19.Qb2 c4 20.bxc4 Ba6 21.Qa2 Qb4 22.Rb1 Bxc4
23.Rxb4 Bxa2 24.Rb2 Bc4 25.Bxc4 Rxc4 26.Ne5 Nxe5 27.dxe5 Rxa4 28.Rxb6 Nc5
29.Rd1 Nd7 30.Re6 Ra8 31.Rxd5 Nf8 32.Red6 Rxh4 33.Nf4 Rb8 34.g3 Rh6 35.Rd8 Rb1+
36.Kg2 Kg8 37.e6 Rb7 38.Rxf5 Rf6 39.Rxf6 gxf6 40.Nd5 a4 41.e7 Rxe7 42.Nxe7+ Kf7
43.Nd5 Ne6 44.Rd7+ Kg6 45.Nf4+ Nxf4+ 46.exf4 a3 47.Ra7  1-0

[Event "23rd Czech Open A"]
[Site "Pardubice CZE"]
[Date "2012.07.26"]
[Round "7.33"]
[White "Strunski,A"]
[Black "Gonda,L"]
[Result "1/2-1/2"]
[WhiteElo "2366"]
[BlackElo "2547"]

1.d4 d5 2.c4 c6 3.Nc3 Nf6 4.e3 e6 5.Nf3 Nbd7 6.Qc2 Bd6 7.b3 O-O 8.Be2 dxc4
9.bxc4 e5 10.O-O Re8 11.Rd1 Qe7 12.c5 Bc7 13.Rb1 exd4 14.exd4 Nf8 15.h3 Ng6
16.Bc4 Be6 17.Bxe6 fxe6 18.Bg5 Qf7 19.Rxb7 Bh2+ 20.Nxh2 Qxb7 21.Bxf6 gxf6
22.Ng4 Rf8 23.Re1 f5 24.Ne5 Nxe5 25.Rxe5 Qb4 26.Qd3 Rf6 27.Kh2 Rb8 28.Ne2 Qe1
29.Qf3 Rb2  1/2-1/2

[Event "45th Biel Masters Open"]
[Site "Biel SUI"]
[Date "2012.07.27"]
[Round "5"]
[White "Vachier Lagrave,M"]
[Black "Melkumyan,H"]
[Result "1/2-1/2"]
[WhiteElo "2686"]
[BlackElo "2639"]

1.d4 d5 2.c4 c6 3.Nc3 Nf6 4.e3 e6 5.Nf3 a6 6.c5 Nbd7 7.b4 b6 8.Bb2 a5 9.a3 Be7
10.Be2 O-O 11.O-O Ba6 12.Bxa6 Rxa6 13.Qe2 Qc8 14.Rab1 axb4 15.axb4 Ra8 16.Nd2 bxc5
17.bxc5 Qa6 18.Qxa6 Rxa6 19.Ra1 Rfa8 20.Rxa6 Rxa6 21.Ra1 Rxa1+ 22.Bxa1 e5
23.Nb3 exd4 24.exd4 Bd8 25.Na2 Ne4 26.Bc3 Nxc3 27.Nxc3 f5 28.Na2 Bc7 29.Nb4 Nb8
30.g3 g5 31.Kg2 Kf7 32.f4 gxf4 33.gxf4 Bxf4 34.Na5 Ke8 35.Naxc6 Nxc6 36.Nxc6 Be3
37.Kf3 f4 38.Ke2 Bg1 39.h3 h5 40.Kf3 Be3 41.Nb4 Bxd4 42.c6 Kd8 43.Nxd5 Be5
44.Ke4 Bd6 45.Nf6 f3 46.Kxf3 Kc7 47.Nxh5 Kxc6 48.h4 Be7 49.Nf4  1/2-1/2

[Event "30th Andorra Open"]
[Site "Erts-La Massana AND"]
[Date "2012.07.27"]
[Round "7.10"]
[White "Peralta,Fe"]
[Black "Ibanez Aullana,J"]
[Result "1-0"]
[WhiteElo "2602"]
[BlackElo "2288"]

1.d4 d5 2.c4 c6 3.Nf3 Nf6 4.Nc3 e6 5.e3 Nbd7 6.Bd3 Bd6 7.e4 dxc4 8.Bxc4 e5
9.dxe5 Nxe5 10.Nxe5 Bxe5 11.Qxd8+ Kxd8 12.Bxf7 Rf8 13.Bb3 Bxc3+ 14.bxc3 Nxe4
15.O-O Nxc3 16.Re1 Nd5 17.Bg5+ Kc7 18.Bxd5 Rf5 19.Re7+ Kd6 20.Rxg7 Rxd5 21.Bf4+ Ke6
22.Rxh7 Kf5 23.g3 Bd7 24.Re1 Re8 25.Rxe8 Bxe8 26.Rxb7 Ra5 27.Re7 Bh5 28.Kg2 Kf6
29.Rc7 Be8 30.Be3 a6 31.g4 Ke6 32.h4 Ra4 33.Kg3 Rxa2 34.h5 Ra1 35.Kh2 Ra4
36.h6  1-0

[Event "21st Kavala Open A"]
[Site "Kavala GRE"]
[Date "2012.07.27"]
[Round "3"]
[White "Sethuraman,S"]
[Black "Mastrovasilis,D"]
[Result "1-0"]
[WhiteElo "2535"]
[BlackElo "2616"]

1.d4 d5 2.c4 c6 3.Nc3 Nf6 4.e3 e6 5.Nf3 Nbd7 6.Bd3 dxc4 7.Bxc4 b5 8.Bd3 a6
9.e4 c5 10.d5 c4 11.Bc2 Qc7 12.O-O Bb7 13.Nd4 Nc5 14.Qe2 e5 15.Nf5 g6 16.Bg5 Ncd7
17.Nh6 Nh5 18.Rad1 Bd6 19.Qg4 Bc8 20.Ne2 Ndf6 21.Qh4 Ng8 22.Nf5 h6 23.Nxd6+ Qxd6
24.Bc1 Ngf6 25.f3 Bd7 26.Qf2 g5 27.b3 cxb3 28.Bxb3 O-O 29.Be3 Rfc8 30.Rc1 a5
31.Bc5 Qa6 32.g4 a4 33.Bc2 Nf4 34.Nxf4 gxf4 35.Bd3 a3 36.Qh4 Kg7 37.g5 Nh7
38.Qxh6+ Qxh6 39.gxh6+ Kxh6 40.Kf2 Ng5 41.Ke2 Nh3 42.Kd2 Rg8 43.Kc3 b4+ 44.Bxb4 Ba4
45.Bxa3 Rg2 46.Bc4 f5 47.exf5 Kg5 48.Be7+ Kxf5 49.Bd3+ e4 50.Bxe4+ Ke5 51.d6 Ra7
52.Rfe1 Bd7 53.Bc2+ Kd5 54.Bb3+ Kc5 55.Re5+ Kb6 56.Bd8+ Kc6 57.Kd4+  1-0

[Event "21st Kavala Open A"]
[Site "Kavala GRE"]
[Date "2012.07.27"]
[Round "3"]
[White "Galopoulos,N"]
[Black "Andrejic,V"]
[Result "1-0"]
[WhiteElo "2406"]
[BlackElo "2182"]

1.d4 d5 2.c4 c6 3.Nf3 Nf6 4.e3 e6 5.Nc3 Be7 6.Qc2 O-O 7.Bd3 dxc4 8.Bxc4 b5
9.Bd3 a6 10.O-O Nbd7 11.e4 h6 12.Be3 Bb7 13.e5 Nd5 14.Nxd5 cxd5 15.Qd2 f6
16.exf6 Bxf6 17.Rfe1 e5 18.dxe5 Nxe5 19.Nxe5 Bxe5 20.f4 Bc7 21.Bc2 Bc8 22.g3 Kh8
23.Bd4 Bf5 24.Bxf5 Rxf5 25.Re6 Kg8 26.Rae1 Bd6 27.Qd3 Rf7 28.Rxh6  1-0

[Event "TCh-POR Div 1 Final"]
[Site "Matosinhos POR"]
[Date "2012.07.27"]
[Round "7.2.1"]
[White "Appel,R"]
[Black "Korneev,O"]
[Result "1/2-1/2"]
[WhiteElo "2535"]
[BlackElo "2577"]

1.Nf3 Nf6 2.d4 d5 3.c4 e6 4.Nc3 c6 5.e3 Nbd7 6.a3 Bd6 7.Bd3 O-O 8.O-O e5
9.cxd5 cxd5 10.e4 dxe4 11.Nxe4 Nxe4 12.Bxe4 Nf6 13.dxe5 Nxe4 14.exd6 Qxd6
15.Qxd6 Nxd6 16.Re1 Be6 17.Nd4 Bd7 18.Bf4 Nf5 19.Rad1  1/2-1/2

[Event "23rd Czech Open A"]
[Site "Pardubice CZE"]
[Date "2012.07.27"]
[Round "8.79"]
[White "Simantsev,M"]
[Black "Olsarova,K"]
[Result "1-0"]
[WhiteElo "2531"]
[BlackElo "2256"]

1.d4 d5 2.c4 c6 3.Nc3 Nf6 4.e3 e6 5.Nf3 Nbd7 6.Qc2 Bd6 7.Be2 O-O 8.O-O dxc4
9.Bxc4 e5 10.h3 Qe7 11.Bb3 exd4 12.exd4 Nb6 13.Re1 Qc7 14.Bg5 Nbd5 15.Rac1 Qa5
16.Ne5 h6 17.Bd2 Qd8 18.Na4 Bc7 19.Nc5 Qd6 20.a3 a5 21.Ba2 Ne7 22.Rcd1 Rb8
23.Bf4 Bf5 24.Qd2 Ned5 25.Bg3 Qd8 26.Bh4 Qd6 27.g4 Bh7 28.Bg3 Qd8 29.f4 Qd6
30.f5 b6 31.Na6 Rbd8 32.Nxc7 Qxc7 33.Qg2  1-0

[Event "23rd Czech Open A"]
[Site "Pardubice CZE"]
[Date "2012.07.27"]
[Round "8.68"]
[White "Meskovs,N"]
[Black "Olsarova,T"]
[Result "0-1"]
[WhiteElo "2347"]
[BlackElo "2244"]

1.d4 d5 2.Nf3 Nf6 3.c4 c6 4.Nc3 e6 5.e3 Nbd7 6.Qc2 Bd6 7.Bd3 dxc4 8.Bxc4 b5
9.Bd3 Bb7 10.e4 e5 11.Bg5 h6 12.Bh4 O-O 13.O-O exd4 14.Nxd4 Nc5 15.Nf5 b4
16.Na4 Nxa4 17.Qxa4 Bxh2+ 18.Kxh2 Qxd3 19.Bxf6 gxf6 20.Qxb4 Qb5 21.Qd2 Bc8
22.Ng3 Qg5 23.f4 Qh4+ 24.Kg1 Qxg3 25.Rf3 Qg4 26.f5 Kh7 27.Rf4 Qg5 28.Raf1 Ba6
29.R1f3 Rad8 30.Qf2 Rg8  0-1

[Event "45th Biel Masters Open"]
[Site "Biel SUI"]
[Date "2012.07.28"]
[Round "6"]
[White "Turov,M"]
[Black "Harikrishna,P"]
[Result "1/2-1/2"]
[WhiteElo "2642"]
[BlackElo "2684"]

1.d4 d5 2.c4 c6 3.Nc3 Nf6 4.Nf3 e6 5.e3 Nbd7 6.Qc2 g6 7.Be2 Bg7 8.O-O O-O
9.Rd1 b6 10.e4 dxe4 11.Nxe4 Qc7 12.Nxf6+ Nxf6 13.Ne5 Nd7 14.Nxc6 Bb7 15.d5 Bxc6
16.dxc6 Nb8 17.Be3  1/2-1/2

[Event "45th Biel Masters Open"]
[Site "Biel SUI"]
[Date "2012.07.28"]
[Round "6"]
[White "Golod,V"]
[Black "Grachev,B"]
[Result "0-1"]
[WhiteElo "2547"]
[BlackElo "2674"]

1.d4 d5 2.c4 e6 3.Nf3 Nf6 4.Nc3 c6 5.e3 Nbd7 6.Qc2 a6 7.c5 e5 8.dxe5 Ng4
9.Na4 Ngxe5 10.Nxe5 Nxe5 11.Bd2 Be7 12.Bc3 Bf6 13.Be2 O-O 14.O-O Ng6 15.Nb6 Rb8
16.Rad1 Qe7 17.Bxf6 Qxf6 18.Qc3 Qe7 19.Nxc8 Rbxc8 20.Rd4 Rfe8 21.Rg4 Rcd8
22.Bd3 Ne5 23.Rd4 Nd7 24.Rc1 Nf8 25.h3 Ne6 26.Rg4 h5 27.Rg3 g6 28.Qe5 Ng7
29.Qd4 Kh7 30.Rf3 f5 31.h4 Ne6 32.Qe5 Qg7 33.Qxg7+ Kxg7 34.Rh3 a5 35.b3 Kf6
36.Rf3 Rb8 37.Kf1 b6 38.cxb6 Rxb6 39.Rd1 Rb4 40.Rc1 c5 41.Rh3 a4 42.Bc2 c4
43.e4 fxe4 44.Rc3 d4 45.Rxc4 Rxc4 46.bxc4 Nc5 47.Rb1 d3 48.Bd1 Ke5 49.Ke1 Kd4
50.Rb6 e3 51.Rd6+ Kc3 52.fxe3 Rxe3+ 53.Kf2 Kd2 54.Bf3 Ne4+ 55.Bxe4 Rxe4 56.c5 Rf4+
57.Kg3 Rc4 58.c6 Kc2 59.Kf2 d2 60.Ke2 Re4+ 61.Kf3 Re7  0-1

[Event "30th Andorra Open"]
[Site "Erts-La Massana AND"]
[Date "2012.07.28"]
[Round "8.7"]
[White "Berczes,D"]
[Black "Solodovnichenko,Y"]
[Result "1-0"]
[WhiteElo "2530"]
[BlackElo "2598"]

1.d4 d5 2.c4 e6 3.Nc3 c6 4.e3 Nf6 5.Nf3 Nbd7 6.Qc2 Bd6 7.Bd3 O-O 8.O-O dxc4
9.Bxc4 b5 10.Bd3 Bb7 11.a3 a6 12.Ng5 Bxh2+ 13.Kxh2 Ng4+ 14.Kg1 Qxg5 15.f3 Ngf6
16.e4 Qh4 17.Be3 Nh5 18.Ne2 Rfc8 19.Qd2 h6 20.b4 e5 21.Qe1 Qxe1 22.Rfxe1 g5
23.Kf2 Nf4 24.Bxf4 gxf4 25.dxe5 Nxe5 26.Nxf4 c5 27.Rh1 c4 28.Be2 a5 29.Rh5 Re8
30.Rah1 axb4 31.axb4 Ra6 32.Rxh6 Rxh6 33.Rxh6 Rc8 34.Ke3 Kg7 35.Rh5 f6 36.Ne6+ Kg8
37.Nd4 Bc6 38.f4 Be8 39.Rh1 Nf7 40.Ra1 Bd7 41.Ra6 Kg7 42.Ra7 Be8 43.Bg4 Rb8
44.Be6 Kf8 45.Bd5 Nd8 46.e5 fxe5 47.fxe5 Rc8 48.e6 Nc6 49.Bxc6 Bxc6 50.Nf5 Be8
51.Rg7  1-0

[Event "Politiken Cup 2012"]
[Site "Helsingor DEN"]
[Date "2012.07.28"]
[Round "1.7"]
[White "L'Ami,E"]
[Black "Tandrup,M"]
[Result "1-0"]
[WhiteElo "2615"]
[BlackElo "1955"]

1.d4 d5 2.c4 c6 3.Nc3 e6 4.e3 Nf6 5.Nf3 Bd6 6.Bd3 Nbd7 7.O-O O-O 8.e4 dxe4
9.Nxe4 Nxe4 10.Bxe4 Nf6 11.Bc2 Qc7 12.Bg5 Ng4 13.h3 Nh2 14.c5 Be7 15.Bxe7 Nxf3+
16.Qxf3 Qxe7 17.Qe4 g6 18.h4 Qf6 19.Rad1 Rd8 20.g3 Bd7 21.Qe5 Kg7 22.Be4 Be8
23.f4 Rd7 24.Kf2 Rad8 25.Ke3 h5 26.Rd3 a6 27.Rg1 Qxe5 28.dxe5 f6 29.Rd6 Rxd6
30.cxd6 f5 31.Bf3 Bd7 32.Rc1 Kf8 33.Rc3 Bc8 34.Kd4 Rd7 35.Kc5 Ke8 36.Kb6 Kd8
37.b4 Rg7 38.a4 Rh7 39.Be2 Rg7 40.b5 axb5 41.axb5 cxb5 42.Bxb5  1-0

[Event "Politiken Cup 2012"]
[Site "Helsingor DEN"]
[Date "2012.07.28"]
[Round "1.42"]
[White "Haugli,P"]
[Black "Alfven,Jorgen"]
[Result "1-0"]
[WhiteElo "2318"]
[BlackElo "1848"]

1.d4 d5 2.c4 c6 3.Nf3 Nf6 4.Nc3 e6 5.e3 Nbd7 6.Bd3 dxc4 7.Bxc4 b5 8.Bd3 Bb7
9.a3 b4 10.axb4 Bxb4 11.O-O Qc7 12.e4 e5 13.dxe5 Nxe5 14.Nxe5 Qxe5 15.Be3 a5
16.f4 Qe7 17.e5 Bxc3 18.bxc3 Nd5 19.Bd2 Qc5+ 20.Kh1 Ba6 21.c4 Nb4 22.Bxb4 axb4
23.Qh5 g6 24.Qh6 Qf8 25.Qh3 Ke7 26.Qh4+ Kd7 27.f5 Qe7 28.e6+ fxe6 29.fxe6+ Qxe6  1-0

[Event "Politiken Cup 2012"]
[Site "Helsingor DEN"]
[Date "2012.07.28"]
[Round "1.18"]
[White "Andersen,Dag"]
[Black "Schandorff,L"]
[Result "0-1"]
[WhiteElo "1907"]
[BlackElo "2516"]

1.d4 d5 2.Nf3 Nf6 3.c4 c6 4.Nc3 e6 5.e3 Nbd7 6.Qc2 Bd6 7.g4 h6 8.Rg1 dxc4
9.Bxc4 b5 10.Bd3 Bb7 11.e4 b4 12.Ne2 c5 13.g5 hxg5 14.Bxg5 Rc8 15.Bxf6 Qxf6
16.e5 Qxf3 17.exd6 Rxh2 18.Rf1 Rh1 19.Rc1 Rxf1+ 20.Kxf1 Qh1+ 21.Ng1 Qg2+
22.Ke2 Qg4+  0-1

[Event "23rd Czech Open A"]
[Site "Pardubice CZE"]
[Date "2012.07.28"]
[Round "9.97"]
[White "Jedlicka,A"]
[Black "Gagarin,V"]
[Result "1/2-1/2"]
[WhiteElo "2205"]
[BlackElo "2372"]

1.d4 d5 2.c4 c6 3.Nf3 Nf6 4.Nc3 e6 5.e3 a6 6.b3 Bb4 7.Bd2 O-O 8.Qc2 Nbd7
9.Bd3 Qe7 10.O-O Bd6 11.e4 dxc4 12.Bxc4 e5 13.d5 cxd5 14.Bxd5 Nb6 15.Bg5 h6
16.Bxf6 Qxf6 17.Nd2 Bb4 18.Nc4 Nxc4 19.bxc4 Rb8 20.Rab1 a5 21.Rb3 b6 22.Nb5 Bd7
23.Qe2 Bxb5  1/2-1/2

[Event "23rd Czech Open A"]
[Site "Pardubice CZE"]
[Date "2012.07.28"]
[Round "9.24"]
[White "Graf,F"]
[Black "Arun Prasad,S"]
[Result "1-0"]
[WhiteElo "2394"]
[BlackElo "2518"]

1.d4 d5 2.c4 e6 3.Nc3 c6 4.e3 Nf6 5.Nf3 Nbd7 6.Qc2 g6 7.Be2 Bg7 8.O-O O-O
9.b4 b6 10.a4 a5 11.bxa5 Rxa5 12.Ba3 Re8 13.Nd2 Ra8 14.cxd5 exd5 15.Nb3 Ba6
16.a5 Bxe2 17.Nxe2 bxa5 18.Qxc6 Qb6 19.Qxb6 Nxb6 20.Nc3 Nc4 21.Rfc1 Rec8
22.Be7 Rcb8 23.Bxf6 Rxb3 24.Nxd5 Nb2 25.Rxa5  1-0

[Event "Washington International 2012"]
[Site "Rockville USA"]
[Date "2012.07.28"]
[Round "1"]
[White "Sarkar,J"]
[Black "Wang,K"]
[Result "1-0"]
[WhiteElo "2396"]
[BlackElo "2186"]

1.c4 e6 2.Nc3 d5 3.d4 c6 4.e3 Nf6 5.Nf3 Nbd7 6.Bd3 dxc4 7.Bxc4 b5 8.Bd3 a6
9.e4 c5 10.e5 cxd4 11.Nxb5 axb5 12.exf6 gxf6 13.O-O Qb6 14.Qe2 Bb7 15.Bxb5 Rg8
16.Rd1 Ra5 17.a4 Rxb5 18.axb5 Ne5 19.Ne1 Qc5 20.Bf4 Qd5 21.Bg3 Bb4 22.f3 h5
23.Kf1 h4 24.Bxh4 Bxe1 25.Bxe1 d3 26.Qe4 Qd7 27.Ra8+ Bxa8 28.Qxa8+ Qd8 29.Qxd8+ Kxd8
30.Bc3 Kc7 31.Bxe5+ fxe5 32.Rxd3 Rb8 33.Rb3 Kb6 34.Re3 Kxb5 35.Rxe5+ Kc4
36.Re2 Rb5 37.g4 Kd3 38.Kf2 f5 39.Re3+ Kd4 40.Rxe6 Rxb2+ 41.Re2  1-0

[Event "Platonov Memorial 2012"]
[Site "Rockville USA"]
[Date "2012.07.28"]
[Round "1.2"]
[White "Gulko,B"]
[Black "Kaidanov,G"]
[Result "1/2-1/2"]
[WhiteElo "2532"]
[BlackElo "2586"]

1.d4 d5 2.c4 c6 3.Nc3 Nf6 4.e3 e6 5.Nf3 Nbd7 6.Bd3 dxc4 7.Bxc4 b5 8.Bb3 b4
9.Ne2 c5 10.O-O Bd6 11.d5 exd5 12.Bxd5 Nxd5 13.Qxd5 Nb6 14.Qh5 g6 15.Qh6 Bf8
16.Qf4 Bg7 17.e4 O-O 18.Be3 Ba6 19.Rfe1 Qe7 20.Rac1 Rac8 21.b3 Nd7 22.Ng3 Rc6
23.Bd4 f6 24.Bb2 Ne5 25.Bxe5 fxe5 26.Qe3 Rd8 27.Red1 Rxd1+ 28.Rxd1 c4 29.Qd2 Bf6
30.bxc4 Bxc4 31.Nf1 a5 32.Ne3 Bf7 33.Nd5 Qd8 34.h4 Bxd5 35.exd5 Rd6 36.Qd3 a4
37.Qb5 e4 38.Ng5 Bxg5 39.hxg5 b3 40.axb3 axb3 41.Qxb3 Qxg5  1/2-1/2

[Event "Politiken Cup 2012"]
[Site "Helsingor DEN"]
[Date "2012.07.29"]
[Round "2.126"]
[White "Nassetti,F"]
[Black "Edwardsson,Hannu Kalervo"]
[Result "1-0"]
[WhiteElo "1843"]
[BlackElo "1464"]

1.d4 d5 2.c4 c6 3.Nf3 Nf6 4.Nc3 e6 5.e3 Be7 6.Bd3 O-O 7.e4 dxe4 8.Nxe4 Nxe4
9.Bxe4 Na6 10.O-O Nc7 11.Bc2 Bd7 12.Qd3 g6 13.Bh6 Re8 14.Ne5 Bg5 15.Bxg5 Qxg5
16.Nxd7 Red8 17.Nc5 Qf6 18.Rad1 b6 19.Ne4 Qg7 20.Qf3 f5 21.Nc3 c5 22.d5 exd5
23.cxd5 Rd6 24.Ba4 Rad8 25.Bc6 a6 26.a4 a5 27.h3 Qf7 28.Nb5 Nxb5 29.Bxb5 Qg7
30.Qc3 Qxc3 31.bxc3 Kh8 32.Bc6 Kg7 33.Rb1 Rb8 34.Rb2 h5 35.Rfb1 Kh6 36.Rxb6  1-0

[Event "Politiken Cup 2012"]
[Site "Helsingor DEN"]
[Date "2012.07.29"]
[Round "2.4"]
[White "Sokolov,Ivan"]
[Black "Hagen,Ande"]
[Result "1-0"]
[WhiteElo "2676"]
[BlackElo "2130"]

1.d4 d5 2.c4 c6 3.Nc3 Nf6 4.Nf3 e6 5.e3 Nbd7 6.Bd3 dxc4 7.Bxc4 b5 8.Bd3 Bb7
9.a3 Bd6 10.Bd2 O-O 11.O-O a6 12.b4 e5 13.Qc2 exd4 14.exd4 h6 15.h3 Re8 16.Nh4 Bf8
17.Nf5 Nb6 18.Bf4 Nbd5 19.Be5 Bc8 20.Nxd5 cxd5 21.Ne3 Be6 22.f4 Nd7 23.f5 Nxe5
24.fxe6 Rxe6 25.dxe5 Qb6 26.Qf2 Rxe5 27.Qxf7+  1-0

[Event "Politiken Cup 2012"]
[Site "Helsingor DEN"]
[Date "2012.07.29"]
[Round "2.31"]
[White "Svane,R"]
[Black "Wurtz,J"]
[Result "1/2-1/2"]
[WhiteElo "2367"]
[BlackElo "1999"]

1.d4 d5 2.c4 c6 3.Nc3 Nf6 4.e3 e6 5.Nf3 Nbd7 6.Qc2 Be7 7.b3 a6 8.Bd3 c5 9.cxd5 exd5
10.O-O b5 11.dxc5 Nxc5 12.Nd4 Bb7 13.Nf5 b4 14.Ne2 Nxd3 15.Qxd3 O-O 16.Bb2 Re8
17.Nxe7+ Qxe7 18.Rfc1 Rec8 19.Ng3 Rxc1+ 20.Rxc1 Rc8 21.Rxc8+ Bxc8 22.Bxf6 Qxf6
23.Qxd5 g6 24.h3 Be6 25.Qa5 Qa1+ 26.Kh2 Kg7 27.Qxb4 Qxa2 28.Qd4+ Kf8 29.Qd8+ Kg7
30.Qd4+ Kf8 31.Ne4 Qxb3 32.Qd6+ Kg7 33.Qxa6 Qb8+ 34.Ng3 Qb2 35.Qe2 Qxe2 36.Nxe2 Bc8
37.Kg3 h6 38.Nc3 Bb7 39.f3 Bc6 40.Kf4 Kf6 41.Ne4+ Ke6 42.h4 Bd5 43.h5 Bc6
44.hxg6 fxg6 45.Nf2 g5+ 46.Kg4 Kf6 47.Kh5 Kg7 48.Ne4 Be8+ 49.Kg4 Bd7+ 50.Kg3 Bc6
51.Nc5 Kf6 52.e4 h5 53.f4 Ba8 54.Kf3 Bc6 55.Ke3 Bb5 56.Nb3 h4 57.Kf3 gxf4
58.Kxf4 Bf1 59.Kf3 h3 60.gxh3  1/2-1/2